000 01680nam a22002297a 4500
999 _c62165
_d62165
003 Ge_BSU
005 20240725145455.0
008 240725s2024 ge ||||| |||| 00| 0 geo d
041 _ageo
080 _a902 რ-72
100 _aროგავა, ანდრია
_922951
245 _aელინისტური და რომაული პერიოდის კოლხური ამფორების ტექნოლოგია და წარმომავლობა ზღვისპირა აჭარის რეგიონში (არქეომეტრიული კვლევა) /
_cანდრია როგავა, სამეცნ.ხელმძღ. მერაბ ხალვაში
264 _aბათუმი:
_bბათუმის შოთა რუსთაველის სახელმწიფო უნივერსიტეტი,
_c2024.
300 _a251 გვ.:
_bცხრ,
_c30სმ.
653 _aარქეოლოგია
653 _aისტორია
653 _aდისერტაცია
700 _aხალვაში,მერაბ
_eსამეცნიერო ხელმძღვანელი
_922952
710 _aბათუმის შოთა რუსთაველის სახელმწიფო უნივერსიტეტი
_922953
710 _aჰუმანიტარულ მეცნიერებათა ფაკულტეტი, ისტორიის არქეოლოგიისა და ეთნოლოგიის დეპარტამენტი
_922954
942 _2udc
_cDS